000 00929nam a2200253Ia 4500
003 OSt
005 20220923223225.0
006 a|||||r|||| 00| 0
007 ta
008 220922b |||||||| |||| 00| 0 hin d
024 _a212,290
037 _cTextual
040 _aARTS
_cARTS
_bhin
041 _2hin
_ahin
082 _aO152,3N32x, M2
100 _aशर्मा, यादवेन्द्र, चन्द्र
_9158326
245 0 _aएक इन्सान की मौत
_b एक इन्सान का जन्म
246 _aEk insān kī mauta: ek insān kā janma
260 _aदिल्ली
_b जयश्री प्रका0
_c1982
300 _a178पृ.
_ccm.
650 _aहिन्दी साहित्य
_9156264
942 _hO152,3N32x, M2
_cTEXL
_2CC
999 _c362564
_d362564